NFL Pro Bowl Safetys 2000s - Statistics

General Stats
  • This quiz has been taken 13 times
  • The average score is 42 of 72
Answer Stats
Year Team Player % Correct
2009 Ravens Ed Reed
100%
2008 Ravens Ed Reed
100%
2007 Ravens Ed Reed
100%
2006 Ravens Ed Reed
100%
2004 Ravens Ed Reed
100%
2003 Ravens Ed Reed
100%
2008 Steelers Troy Polamalu
100%
2007 Steelers Troy Polamalu
100%
2006 Steelers Troy Polamalu
100%
2005 Steelers Troy Polamalu
100%
2004 Steelers Troy Polamalu
100%
2009 Broncos Brian Dawkins
91%
2008 Eagles Brian Dawkins
91%
2006 Eagles Brian Dawkins
91%
2005 Eagles Brian Dawkins
91%
2004 Eagles Brian Dawkins
91%
2002 Eagles Brian Dawkins
91%
2001 Eagles Brian Dawkins
91%
2003 Rams Aeneas Williams
73%
2007 Colts Bob Sanders
73%
2005 Colts Bob Sanders
73%
2009 Saints Darren Sharper
73%
2007 Vikings Darren Sharper
73%
2005 Vikings Darren Sharper
73%
2002 Packers Darren Sharper
73%
2000 Packers Darren Sharper
73%
2003 Chiefs Jerome Woods
73%
2002 Raiders Rod Woodson
73%
2001 Ravens Rod Woodson
73%
2000 Ravens Rod Woodson
73%
2007 Cowboys Roy Williams
73%
2006 Cowboys Roy Williams
73%
2005 Cowboys Roy Williams
73%
2004 Cowboys Roy Williams
73%
2003 Cowboys Roy Williams
73%
2007 Redskins Sean Taylor
73%
2006 Redskins Sean Taylor
73%
2007 Broncos John Lynch
64%
2006 Broncos John Lynch
64%
2005 Broncos John Lynch
64%
2004 Broncos John Lynch
64%
2002 Buccaeers John Lynch
64%
2001 Buccaeers John Lynch
64%
2000 Buccaeers John Lynch
64%
2002 Patriots Lawyer Milloy
45%
2001 Patriots Lawyer Milloy
45%
2009 Cardinals Adrian Wilson
36%
2008 Cardinals Adrian Wilson
36%
2006 Cardinals Adrian Wilson
36%
2009 Colts Antoine Bethea
36%
2007 Colts Antoine Bethea
36%
2004 Eagles Michael Lewis
36%
2005 Bears Mike Brown
36%
2001 Chargers Rodney Harrison
36%
2009 Saints Roman Harper
36%
2008 Titans Michael Griffin
27%
2009 Packers Nick Collins
27%
2008 Packers Nick Collins
27%
2009 Cardinals Antrel Rolle
18%
2003 Vikings Corey Chavous
18%
2009 Bills Jairus Byrd
18%
2009 Eagles Quintin Mikell
18%
2009 Dolphins Yeremiah Bell
18%
2000 Titans Blaine Bishop
9%
2009 Patriots Brandon Meriweather
9%
2003 Dolphins Brock Marion
9%
2002 Dolphins Brock Marion
9%
2000 Dolphins Brock Marion
9%
2008 Titans Chris Hope
9%
2007 Cowboys Ken Hamlin
9%
2000 Vikings Robert Griffith
9%
2001 Saints Sammy Knight
9%
No matching quizzes found
Score Distribution
Percent of People with Each Score
Percentile by Number Answered
Your Score History
You have not taken this quiz